Score 0/55 Timer 10:00
1 Play Today
Year Movie Title % Correct
1960Psycho
92.2%
1963The Birds
92%
1958Vertigo
83.8%
1954Rear Window
82.6%
1959North by Northwest
78.3%
1948Rope
65.9%
1934The Man Who Knew Too Much
61.9%
1954Dial M For Murder
61.9%
1956The Man Who Knew Too Much
61.9%
1940Rebecca
60.5%
1951Strangers on a Train
59.1%
1935The 39 Steps
56.8%
1964Marnie
56.8%
1946Notorious
51.6%
1972Frenzy
51%
1955To Catch a Thief
48.6%
1976Family Plot
47%
1944Lifeboat
46.5%
1969Topaz
45.7%
1941Suspicion
45.3%
1942Saboteur
42.3%
1938The Lady Vanishes
41.7%
1966Torn Curtain
41.7%
1945Spellbound
41.6%
1955The Trouble With Harry
40.7%
1936Sabotage
40.6%
1943Shadow of a Doubt
38.3%
1930Murder!
37.7%
Year Movie Title % Correct
1956The Wrong Man
37.2%
1927The Lodger
34.5%
1953I Confess
34.1%
1939Jamaica Inn
34%
1941Mr. and Mrs. Smith
33.9%
1929Blackmail
32.8%
1950Stage Fright
31.3%
1940Foreign Correspondent
28.5%
1927The Ring
28.4%
1936Secret Agent
28.2%
1949Under Capricorn
25.6%
1937Young and Innocent
24.5%
1947The Paradine Case
24.2%
1931Mary
22.7%
1925The Pleasure Garden
22.5%
1932Number Seventeen
20.8%
1929The Manxman
20.7%
1928The Farmer's Wife
20.6%
1928Champagne
20.2%
1931The Skin Game
20.1%
1928Easy Virtue
19.5%
1931Rich and Strange
19.5%
1927Downhill
19.5%
1926The Mountain Eagle
19%
1930Juno and the Paycock
19%
1934Waltzes From Vienna
15.9%
1930Elstree Calling
13%
Remove Ads.
Support Sporcle.
Get the best of Sporcle when you Go Orange. This ad-free experience offers more features, more stats, and more fun while also helping to support Sporcle. Thank you for becoming a member.

You're not logged in!

Compare scores with friends on all Sporcle quizzes.
OR
Log In

Show Comments

Extras

Top Quizzes Today


Score Distribution

Your Account Isn't Verified!

In order to create a playlist on Sporcle, you need to verify the email address you used during registration. Go to your Sporcle Settings to finish the process.

Report this User

Report this user for behavior that violates our Community Guidelines.

Details: